[Event "32. Open Barbera del Valles 2009"]
[Site "Barbera del Valles ESP"]
[Date "2009.07.07"]
[Round "4.5"]
[White "Cuartas, Jaime Alexander"]
[Black "Ipatov, Alexander"]
[Result "1-0"]
[WhiteElo "2521"]
[BlackElo "2454"]
[PlyCount "49"]
[EventDate "2009.07.04"]
[EventType "swiss"]
[EventRounds "9"]
[EventCountry "ESP"]
[Source "lmi"]
[SourceDate "2009.07.04"]

1. e4 e5 2. Nf3 Nf6 3. Nxe5 d6 4. Nf3 Nxe4 5. d4 d5 6. Bd3 Nc6 7. O-O Be7 8. c4
Nb4 9. Be2 dxc4 10. Bxc4 O-O 11. Nc3 Nd6 12. Bb3 Bf6 13. Ne5 a5 14. a3 Nc6 15.
Re1 Nf5 16. Nd5 Ncxd4 17. Nxf7 Rxf7 18. Nxf6+ gxf6 19. Bxf7+ Kxf7 20. Qh5+ Kg7
21. Re8 Qxe8 22. Qxe8 Ne6 23. Bd2 Nd6 24. Qe7+ Kg6 25. Bc3 1-0

[Event "32. Open Barbera del Valles 2009"]
[Site "Barbera del Valles ESP"]
[Date "2009.07.07"]
[Round "4.6"]
[White "Fluvia Poyatos, Jordi"]
[Black "Gonzalez Garcia, Jose"]
[Result "0-1"]
[WhiteElo "2449"]
[BlackElo "2509"]
[PlyCount "112"]
[EventDate "2009.07.04"]
[EventType "swiss"]
[EventRounds "9"]
[EventCountry "ESP"]
[Source "lmi"]
[SourceDate "2009.07.04"]

1. e4 e5 2. Nf3 Nc6 3. d4 exd4 4. Nxd4 Bc5 5. Be3 Qf6 6. c3 Nge7 7. Qd2 a6 8.
Bc4 O-O 9. O-O Ne5 10. Bb3 Qg6 11. f3 a5 12. a4 Qb6 13. Ba2 d5 14. exd5 Rd8 15.
c4 Bf5 16. Nxf5 Nxf5 17. Bxc5 Qxc5+ 18. Qf2 Ne3 19. Rd1 Re8 20. Nc3 Nxd1 21.
Qxc5 Nd3 22. Rxd1 Nxc5 23. Kf2 Rad8 24. Bb1 Re7 25. Bc2 g6 26. g4 Kg7 27. h4
Rd6 28. Rc1 Rb6 29. Rb1 Rd6 30. b3 Rd8 31. Rc1 Rde8 32. Ne4 Nxe4+ 33. Bxe4 Re5
34. g5 h6 35. c5 hxg5 36. hxg5 Rd8 37. c6 b6 38. Rg1 Rdxd5 39. Bxd5 Rxd5 40. f4
Rc5 41. Rd1 Rxc6 42. Rd3 Kf8 43. Kf3 Ke7 44. Ke4 Re6+ 45. Kf3 Rd6 46. Re3+ Kd7
47. Kg4 Rd4 48. Rh3 c6 49. Re3 b5 50. axb5 cxb5 51. Rc3 Rd5 52. Rc2 a4 53. bxa4
bxa4 54. Kf3 a3 55. Ke4 Ra5 56. Ra2 Ke6 0-1

[Event "32. Open Barbera del Valles 2009"]
[Site "Barbera del Valles ESP"]
[Date "2009.07.07"]
[Round "4.7"]
[White "Moskalenko, Viktor"]
[Black "Mihailovs, Jurijs"]
[Result "1/2-1/2"]
[WhiteElo "2558"]
[BlackElo "2408"]
[PlyCount "100"]
[EventDate "2009.07.04"]
[EventType "swiss"]
[EventRounds "9"]
[EventCountry "ESP"]
[Source "lmi"]
[SourceDate "2009.07.04"]

1. d4 Nf6 2. c4 c5 3. d5 b5 4. Qc2 d6 5. e4 bxc4 6. Bxc4 g6 7. Nf3 Bg7 8. O-O
O-O 9. Nc3 Ba6 10. Nb5 Bxb5 11. Bxb5 Qb6 12. Be2 Nbd7 13. Nd2 Qc7 14. Rb1 a5
15. Bb5 a4 16. Bxa4 Nb6 17. Bb3 Rfc8 18. Nc4 Nfd7 19. a3 Ne5 20. Nxe5 Bxe5 21.
Be3 Qb7 22. f4 Bg7 23. h4 c4 24. Ba2 Na4 25. e5 Qxd5 26. b3 cxb3 27. Bxb3 Qa5
28. Qd2 Qxd2 29. Bxd2 Nc5 30. exd6 exd6 31. Bb4 Bd4+ 32. Kh2 Nxb3 33. Rxb3 Bc5
34. f5 Bxb4 35. axb4 Rc4 36. fxg6 hxg6 37. Kg3 Rb8 38. b5 Rb6 39. Rf4 Rc5 40.
Rfb4 Kg7 41. Kf3 f5 42. Kf4 Kf6 43. Rb2 Rd5 44. Rb1 Rc5 45. Rd1 Re5 46. Rbd4
Rbxb5 47. Rxd6+ Re6 48. Rxe6+ Kxe6 49. Kg5 Rb2 50. Rg1 Kf7 1/2-1/2

[Event "32. Open Barbera del Valles 2009"]
[Site "Barbera del Valles ESP"]
[Date "2009.07.07"]
[Round "4.9"]
[White "Orzech, Dominik"]
[Black "Camarena Gimenez, Rufino"]
[Result "0-1"]
[WhiteElo "2466"]
[BlackElo "2402"]
[PlyCount "120"]
[EventDate "2009.07.04"]
[EventType "swiss"]
[EventRounds "9"]
[EventCountry "ESP"]
[Source "lmi"]
[SourceDate "2009.07.04"]

1. d4 d5 2. Nf3 Nf6 3. c4 c6 4. Nc3 dxc4 5. a4 e6 6. e3 c5 7. Bxc4 Nc6 8. O-O
cxd4 9. exd4 Be7 10. Bg5 O-O 11. Re1 Nb4 12. Ne5 Bd7 13. Qe2 Rb8 14. Rad1 Nfd5
15. Bc1 Bc6 16. Qh5 Nf6 17. Qe2 Nbd5 18. Bb3 Bb4 19. Rd3 Qa5 20. Bd2 Rfe8 21.
Rg3 Qb6 22. Bh6 Bf8 23. Bc2 Qxd4 24. Rd1 Qb4 25. Qd2 Ne7 26. Qg5 Ng6 27. Nxf7
Ne4 28. Bxe4 Bxe4 29. Rg4 Kxf7 30. Nxe4 Rbd8 31. Rf1 Rd5 32. Qc1 gxh6 33. Nf6
Qd2 34. Nxd5 Qxc1 35. Rxc1 exd5 36. Rd4 Re2 37. Rxd5 Rxb2 38. Rb5 Rxb5 39. axb5
Bd6 40. Rc8 Ne5 41. Kf1 Nd7 42. Ke2 Ke6 43. h4 h5 44. Kf3 Bc5 45. Rc7 Bb6 46.
Rxb7 Ke7 47. Kf4 Kd8 48. f3 Kc8 49. Rxd7 Kxd7 50. Kg5 Kd6 51. Kh6 Kc5 52. Kxh7
Kxb5 53. g4 a5 54. g5 a4 55. g6 Bd4 56. g7 Bxg7 57. Kxg7 a3 58. f4 a2 59. f5
a1=Q+ 60. f6 Kc6 0-1

[Event "32. Open Barbera del Valles 2009"]
[Site "Barbera del Valles ESP"]
[Date "2009.07.07"]
[Round "4.10"]
[White "Rojas Keim, Luis"]
[Black "Alonso Moyano, Jonathan"]
[Result "0-1"]
[WhiteElo "2453"]
[BlackElo "2365"]
[PlyCount "92"]
[EventDate "2009.07.04"]
[EventType "swiss"]
[EventRounds "9"]
[EventCountry "ESP"]
[Source "lmi"]
[SourceDate "2009.07.04"]

1. d4 f5 2. e4 fxe4 3. Nc3 Nf6 4. Bg5 c6 5. f3 d5 6. fxe4 dxe4 7. Qd2 Bf5 8.
Nge2 Nbd7 9. Ng3 Bg6 10. Bc4 Nb6 11. Bb3 a5 12. O-O Nbd5 13. Nxd5 cxd5 14. c4
a4 15. Bc2 e6 16. cxd5 exd5 17. Nf5 Bxf5 18. Rxf5 Be7 19. Bxf6 Bxf6 20. Qb4 Qd7
21. Raf1 Kf7 22. g4 h6 23. Bd1 Kg6 24. Be2 Rhd8 25. Kh1 Qd6 26. Qd2 Kh7 27. Qe3
Rf8 28. Qf2 Be7 29. Bb5 a3 30. b3 Qe6 31. Kg2 g6 32. Rf7+ Kg8 33. Rxf8+ Rxf8
34. Qg3 Rxf1 35. Bxf1 Qf6 36. Qb8+ Bf8 37. Be2 Qxd4 38. Qxb7 Bc5 39. Qc8+ Kf7
40. Qd7+ Kf6 41. Qd8+ Kf7 42. Qd7+ Be7 43. Bb5 Kf6 44. Qe8 Qd2+ 45. Kh3 Qe3+
46. Kg2 Qf3+ 0-1

[Event "32. Open Barbera del Valles 2009"]
[Site "Barbera del Valles ESP"]
[Date "2009.07.07"]
[Round "4.11"]
[White "Perpinya Rofes, Lluis Maria"]
[Black "Bregadze, Levan"]
[Result "0-1"]
[WhiteElo "2387"]
[BlackElo "2426"]
[PlyCount "84"]
[EventDate "2009.07.04"]
[EventType "swiss"]
[EventRounds "9"]
[EventCountry "ESP"]
[Source "lmi"]
[SourceDate "2009.07.04"]

1. e4 c5 2. Nc3 d6 3. f4 Nf6 4. Nf3 g6 5. Bb5+ Bd7 6. Bxd7+ Qxd7 7. O-O Bg7 8.
d3 Nc6 9. h3 a6 10. Be3 O-O 11. Qd2 b5 12. f5 d5 13. Bxc5 dxe4 14. dxe4 gxf5
15. Qf4 fxe4 16. Ng5 h6 17. Ngxe4 Nd5 18. Qd2 Rad8 19. Qe2 Nxc3 20. Nxc3 Qd2
21. Qe4 Bd4+ 22. Kh1 Bxc5 23. Qxc6 Qd6 24. Qf3 Qg6 25. Ne4 Bd4 26. c3 Be5 27.
Rad1 Kh8 28. Nc5 Rxd1 29. Rxd1 Rg8 30. Re1 Bg3 31. Rf1 Rd8 32. Rd1 Rxd1+ 33.
Qxd1 Be5 34. Qd3 Qf6 35. Nb3 Qf4 36. Kg1 Qh4 37. Qe3 Bf4 38. Qe2 Bd6 39. Qd2
Qh5 40. Qd4+ f6 41. Qd3 Qe5 42. Nd4 Qe1+ 0-1

[Event "32. Open Barbera del Valles 2009"]
[Site "Barbera del Valles ESP"]
[Date "2009.07.07"]
[Round "4.12"]
[White "Vassallo Barroche, Mauricio"]
[Black "Massoni, Michael"]
[Result "1-0"]
[WhiteElo "2409"]
[BlackElo "2291"]
[PlyCount "53"]
[EventDate "2009.07.04"]
[EventType "swiss"]
[EventRounds "9"]
[EventCountry "ESP"]
[Source "lmi"]
[SourceDate "2009.07.04"]

1. c4 Nf6 2. Nc3 d5 3. cxd5 Nxd5 4. g3 g6 5. Bg2 Nb6 6. d3 Bg7 7. Be3 O-O 8.
Qd2 Nc6 9. Bh6 Nd4 10. Rc1 Qd6 11. Bxg7 Kxg7 12. Ne4 Qd5 13. Nf3 Nxf3+ 14. Bxf3
Qxa2 15. h4 Nd5 16. h5 Rh8 17. Nc3 Nxc3 18. Qxc3+ f6 19. Qb4 Re8 20. Rxc7 Be6
21. Rxe7+ Bf7 22. h6+ Kg8 23. Rxe8+ Rxe8 24. O-O Bd5 25. Qa3 Re6 26. Qxa2 Bxa2
27. Ra1 1-0

[Event "32. Open Barbera del Valles 2009"]
[Site "Barbera del Valles ESP"]
[Date "2009.07.07"]
[Round "4.13"]
[White "Asis Gargatagli, Hipolit"]
[Black "Lorenzo De La Riva, Lazaro"]
[Result "1-0"]
[WhiteElo "2439"]
[BlackElo "2331"]
[PlyCount "75"]
[EventDate "2009.07.04"]
[EventType "swiss"]
[EventRounds "9"]
[EventCountry "ESP"]
[Source "lmi"]
[SourceDate "2009.07.04"]

1. e4 c5 2. Nf3 d6 3. d4 Nf6 4. Nc3 cxd4 5. Nxd4 g6 6. Be3 Bg7 7. f3 Nc6 8. Qd2
O-O 9. Bc4 Bd7 10. O-O-O Rb8 11. Nd5 b5 12. Be2 Ne5 13. b3 a5 14. Kb1 a4 15.
Bh6 Nxd5 16. Bxg7 Kxg7 17. exd5 Qb6 18. Ka1 Rfc8 19. h3 f6 20. f4 Nf7 21. Bg4
f5 22. Bf3 Qc5 23. Rhe1 Kf8 24. Re3 axb3 25. cxb3 Ra8 26. Rde1 Re8 27. Ne6+
Bxe6 28. dxe6 Nh6 29. Bxa8 Rxa8 30. Rc3 Qa7 31. Rec1 Ng8 32. g4 fxg4 33. hxg4
Qb7 34. g5 Re8 35. Qd4 h5 36. gxh6 Nf6 37. Rc7 Qa8 38. Qxf6+ 1-0

[Event "32. Open Barbera del Valles 2009"]
[Site "Barbera del Valles ESP"]
[Date "2009.07.07"]
[Round "4.15"]
[White "Garcia Castro, Pablo"]
[Black "Ravot, Sylvain"]
[Result "1-0"]
[WhiteElo "2390"]
[BlackElo "2276"]
[PlyCount "73"]
[EventDate "2009.07.04"]
[EventType "swiss"]
[EventRounds "9"]
[EventCountry "ESP"]
[Source "lmi"]
[SourceDate "2009.07.04"]

1. e4 c5 2. Nf3 d6 3. Be2 Nc6 4. O-O Nf6 5. d3 g6 6. Re1 Bg7 7. Bf1 O-O 8. c3
e5 9. a3 d5 10. Nbd2 a5 11. exd5 Nxd5 12. a4 Re8 13. Nc4 h6 14. Nfd2 f5 15. Na3
Be6 16. Ndc4 Qe7 17. Qb3 g5 18. Bd2 Kh7 19. Rad1 f4 20. Bc1 g4 21. g3 h5 22.
Bg2 f3 23. Bf1 h4 24. Qc2 Bf5 25. Nb5 Rad8 26. Qd2 Kg6 27. Nbd6 Be6 28. Nxe8
Rxe8 29. Nxe5+ Nxe5 30. Rxe5 Bxe5 31. Qh6+ Kf7 32. Qh5+ Kg8 33. Qxe5 hxg3 34.
hxg3 Qd7 35. d4 Bf5 36. Bb5 Rxe5 37. Bxd7 1-0

[Event "32. Open Barbera del Valles 2009"]
[Site "Barbera del Valles ESP"]
[Date "2009.07.07"]
[Round "4.17"]
[White "Fenollar Jorda, Manuel"]
[Black "Capellades Subirana, Marc"]
[Result "1-0"]
[WhiteElo "2341"]
[BlackElo "2210"]
[PlyCount "89"]
[EventDate "2009.07.04"]
[EventType "swiss"]
[EventRounds "9"]
[EventCountry "ESP"]
[Source "lmi"]
[SourceDate "2009.07.04"]

1. d4 Nf6 2. Nf3 b6 3. e3 Bb7 4. Bd3 d6 5. c4 Nbd7 6. Nc3 g6 7. O-O Bg7 8. e4
O-O 9. Rb1 c5 10. d5 Bc8 11. h3 Ne8 12. Bg5 Ne5 13. Nxe5 dxe5 14. a3 f6 15. Be3
e6 16. b4 exd5 17. Nxd5 cxb4 18. axb4 Kh8 19. c5 Nc7 20. Bc4 Nxd5 21. Bxd5 Rb8
22. Qa4 Bxh3 23. gxh3 f5 24. f3 Qh4 25. Kh2 Bh6 26. Bxh6 Qxh6 27. Qc2 bxc5 28.
bxc5 Qf4+ 29. Kg2 Qg5+ 30. Kh1 Qg3 31. Qg2 Qf4 32. c6 Qe3 33. Qh2 f4 34. Rxb8
Rxb8 35. c7 Rc8 36. Qb2 h5 37. Qxe5+ Kh7 38. Qe7+ Kh6 39. Rg1 Qxf3+ 40. Kh2
Qf2+ 41. Rg2 Qb6 42. Be6 Qa5 43. Bxc8 f3 44. Rxg6+ Kxg6 45. Bf5+ 1-0

[Event "32. Open Barbera del Valles 2009"]
[Site "Barbera del Valles ESP"]
[Date "2009.07.07"]
[Round "4.18"]
[White "Sanchez Jerez, Emilio Miguel"]
[Black "Guramishvili, Sopiko"]
[Result "1/2-1/2"]
[WhiteElo "2212"]
[BlackElo "2339"]
[PlyCount "93"]
[EventDate "2009.07.04"]
[EventType "swiss"]
[EventRounds "9"]
[EventCountry "ESP"]
[Source "lmi"]
[SourceDate "2009.07.04"]

1. e4 c5 2. Nc3 d6 3. Nge2 Nc6 4. g3 g6 5. d4 cxd4 6. Nxd4 Bg7 7. Nde2 Nf6 8.
Bg2 O-O 9. O-O Rb8 10. a4 a6 11. Nd5 b5 12. axb5 axb5 13. Bg5 Nxd5 14. exd5 Ne5
15. Nd4 Bd7 16. Nc6 Bxc6 17. dxc6 Qc7 18. Ra6 e6 19. Qe2 Rb6 20. Rxb6 Qxb6 21.
Be3 Qb8 22. Ra1 d5 23. Bf4 Rc8 24. Ra6 b4 25. b3 g5 26. Bxe5 Bxe5 27. Qg4 h6
28. h4 Qd6 29. hxg5 hxg5 30. Qxg5+ Bg7 31. Bf1 Qc5 32. Bd3 Kf8 33. Kg2 Bd4 34.
Qh4 Bc3 35. Qg5 Bd4 36. Bh7 Bg7 37. Qg4 Qd4 38. Qe2 Qc5 39. Qd2 Bc3 40. Qh6+
Ke7 41. Qf4 Rxc6 42. Qh4+ Ke8 43. Ra4 Rc8 44. Bd3 Qe7 45. Qh7 Kf8 46. Ba6 Rd8
47. Bd3 1/2-1/2

[Event "32. Open Barbera del Valles 2009"]
[Site "Barbera del Valles ESP"]
[Date "2009.07.07"]
[Round "4.21"]
[White "Vigo Allepuz, David"]
[Black "Kulkarni, Chinmay"]
[Result "1/2-1/2"]
[WhiteElo "2156"]
[BlackElo "2259"]
[PlyCount "63"]
[EventDate "2009.07.04"]
[EventType "swiss"]
[EventRounds "9"]
[EventCountry "ESP"]
[Source "lmi"]
[SourceDate "2009.07.04"]

1. d4 Nf6 2. Nf3 g6 3. g3 Bg7 4. Bg2 O-O 5. O-O d5 6. b3 c5 7. e3 Nc6 8. Bb2
Ne4 9. Nbd2 Bf5 10. c3 Qd7 11. Nxe4 Bxe4 12. Qd2 b6 13. Rac1 Rac8 14. Rfd1 Rfd8
15. Qe2 h6 16. Ba3 cxd4 17. cxd4 Qb7 18. Bf1 Bf5 19. Nh4 Bd7 20. Qa6 Qb8 21.
Bb5 Bf6 22. Qa4 Qa8 23. Rd2 Nb8 24. Rdc2 Rxc2 25. Rxc2 Bxb5 26. Qxb5 Bxh4 27.
gxh4 Qb7 28. Qb4 Qd7 29. Qxe7 Qg4+ 30. Kf1 Qd1+ 31. Kg2 Qg4+ 32. Kf1 1/2-1/2

[Event "32. Open Barbera del Valles 2009"]
[Site "Barbera del Valles ESP"]
[Date "2009.07.07"]
[Round "4.23"]
[White "Fabre Massana, Miquel"]
[Black "Canal Oliveras, Joan"]
[Result "1/2-1/2"]
[WhiteElo "2151"]
[BlackElo "2248"]
[PlyCount "25"]
[EventDate "2009.07.04"]
[EventType "swiss"]
[EventRounds "9"]
[EventCountry "ESP"]
[Source "lmi"]
[SourceDate "2009.07.04"]

1. e4 e5 2. Nf3 Nc6 3. Bb5 a6 4. Bxc6 dxc6 5. d4 exd4 6. Qxd4 Qxd4 7. Nxd4 Bd6
8. O-O Ne7 9. Nd2 c5 10. N4b3 Be6 11. Nf3 f6 12. Be3 b6 13. Rad1 1/2-1/2

[Event "32. Open Barbera del Valles 2009"]
[Site "Barbera del Valles ESP"]
[Date "2009.07.07"]
[Round "4.24"]
[White "Anuprita, Patil"]
[Black "Exposito Amaro, Josue"]
[Result "0-1"]
[WhiteElo "2059"]
[BlackElo "2231"]
[PlyCount "114"]
[EventDate "2009.07.04"]
[EventType "swiss"]
[EventRounds "9"]
[EventCountry "ESP"]
[Source "lmi"]
[SourceDate "2009.07.04"]

1. e4 c5 2. Nc3 Nc6 3. f4 e6 4. Nf3 d5 5. exd5 exd5 6. Bb5 Nf6 7. Ne5 Qd6 8.
O-O Be7 9. d4 O-O 10. Nxc6 bxc6 11. Be2 Bf5 12. Be3 cxd4 13. Bxd4 Qb4 14. Be5
Nd7 15. Rb1 f6 16. a3 Qb6+ 17. Bd4 Bxc2 18. Qxc2 Qxd4+ 19. Kh1 f5 20. Rbd1 Qf6
21. b4 Kh8 22. b5 Rac8 23. Qd2 Bxa3 24. bxc6 Qxc6 25. Nb5 Qc5 26. Qxd5 Nf6 27.
Qb3 Bb4 28. Nd6 Rc7 29. Bc4 h6 30. Nf7+ Kh7 31. Ne5 Ne4 32. Bf7 Rfxf7 33. Nxf7
Nf2+ 34. Rxf2 Qxf2 35. Nxh6 Qxf4 36. Nxf5 Rc1 37. Ng3 Qd2 38. Rf1 Rxf1+ 39.
Nxf1 Qf4 40. Qd3+ Kg8 41. g3 Qf7 42. Ne3 a5 43. Qd8+ Bf8 44. Kg2 a4 45. Nc2 Qc4
46. Kh3 Qxc2 47. Qd5+ Kh8 48. Qf7 Qc5 49. g4 Qc3+ 50. Kg2 Qd2+ 51. Kf1 Qd1+ 52.
Kg2 Qe2+ 53. Kh3 Qe7 54. Qh5+ Kg8 55. g5 Qe3+ 56. Kg2 Qe4+ 57. Kh3 Qh7 0-1

[Event "32. Open Barbera del Valles 2009"]
[Site "Barbera del Valles ESP"]
[Date "2009.07.07"]
[Round "4.27"]
[White "Garcia Gil, Javier"]
[Black "Nadal Garcia, Lluis"]
[Result "1-0"]
[WhiteElo "2203"]
[BlackElo "2021"]
[PlyCount "87"]
[EventDate "2009.07.04"]
[EventType "swiss"]
[EventRounds "9"]
[EventCountry "ESP"]
[Source "lmi"]
[SourceDate "2009.07.04"]

1. e4 e6 2. d4 d5 3. Nc3 Nc6 4. Nf3 Nf6 5. Bg5 Be7 6. Bxf6 Bxf6 7. e5 Be7 8.
Bb5 Bd7 9. a3 Nb8 10. Bd3 c5 11. dxc5 Bxc5 12. O-O Be7 13. Qd2 Nc6 14. Rfe1 O-O
15. Bb5 Nb8 16. Bf1 Nc6 17. Nb5 a6 18. Nbd4 Qb6 19. c3 Rac8 20. a4 Bc5 21. a5
Qc7 22. Nxc6 Bxc6 23. Nd4 Bd7 24. g3 Bxd4 25. Qxd4 Qc5 26. Red1 Bb5 27. Bh3
Qxd4 28. Rxd4 Rc5 29. f4 g6 30. Kf2 h5 31. Rb4 Rc4 32. Rxc4 Bxc4 33. Ra4 Rc8
34. Rb4 Rc5 35. Rxb7 Rxa5 36. Bg2 Ra1 37. Bf3 Rc1 38. h4 Rc2+ 39. Ke3 Bb5 40.
f5 gxf5 41. Bxh5 Be8 42. Rb8 Kf8 43. Bd1 Rg2 44. Kf3 1-0

[Event "32. Open Barbera del Valles 2009"]
[Site "Barbera del Valles ESP"]
[Date "2009.07.07"]
[Round "4.28"]
[White "Herms Agullo, Jordi"]
[Black "Costa Trave, Jaume"]
[Result "1-0"]
[WhiteElo "2141"]
[BlackElo "1981"]
[PlyCount "59"]
[EventDate "2009.07.04"]
[EventType "swiss"]
[EventRounds "9"]
[EventCountry "ESP"]
[Source "lmi"]
[SourceDate "2009.07.04"]

1. e4 d5 2. Nc3 d4 3. Nce2 c5 4. Ng3 Nc6 5. Nf3 Nf6 6. Bc4 e6 7. O-O a6 8. a4
h5 9. h4 Bd6 10. d3 Ng4 11. Ng5 Qc7 12. Nxh5 Rxh5 13. Qxg4 g6 14. f4 Be7 15. g3
Bxg5 16. fxg5 Ne5 17. Qf4 Bd7 18. Bd2 O-O-O 19. Ba5 Qxa5 20. Qxe5 Be8 21. b4
Qxb4 22. a5 Rh7 23. Rfb1 Qd2 24. Bxa6 Qe3+ 25. Kg2 Qe2+ 26. Kh3 Bc6 27. Bxb7+
Bxb7 28. Qxc5+ Kb8 29. Rxb7+ Kxb7 30. Rb1+ 1-0

[Event "32. Open Barbera del Valles 2009"]
[Site "Barbera del Valles ESP"]
[Date "2009.07.07"]
[Round "4.29"]
[White "Bardera Gil, Sergi"]
[Black "Garcia Roman, Daniel"]
[Result "0-1"]
[WhiteElo "2033"]
[BlackElo "2464"]
[PlyCount "70"]
[EventDate "2009.07.04"]
[EventType "swiss"]
[EventRounds "9"]
[EventCountry "ESP"]
[Source "lmi"]
[SourceDate "2009.07.04"]

1. e4 c5 2. Nf3 d6 3. d4 cxd4 4. Nxd4 Nf6 5. Nc3 g6 6. Be3 Bg7 7. f3 Nc6 8. Bc4
O-O 9. Qd2 Bd7 10. g4 Ne5 11. Be2 Rc8 12. h4 Nc4 13. Bxc4 Rxc4 14. h5 Qa5 15.
O-O-O Rxc3 16. Qxc3 Qxa2 17. hxg6 hxg6 18. Qb4 b6 19. Bh6 Rc8 20. Bxg7 Kxg7 21.
Nb3 Kg8 22. Rh2 Ba4 23. Rd3 Bxb3 24. Rxb3 Qa1+ 25. Kd2 Qg1 26. Re2 Nd7 27. Rc3
Rxc3 28. Qxc3 Ne5 29. b3 Qf1 30. Re3 b5 31. Qa5 Qf2+ 32. Re2 Nxf3+ 33. Kd1 Qf1+
34. Re1 Qxe1+ 35. Qxe1 Nxe1 0-1

[Event "32. Open Barbera del Valles 2009"]
[Site "Barbera del Valles ESP"]
[Date "2009.07.07"]
[Round "4.30"]
[White "Ridameya Tatche, Jose Miguel"]
[Black "Alonso Gonzalez, Carlos"]
[Result "1/2-1/2"]
[WhiteElo "2123"]
[BlackElo "2138"]
[PlyCount "86"]
[EventDate "2009.07.04"]
[EventType "swiss"]
[EventRounds "9"]
[EventCountry "ESP"]
[Source "lmi"]
[SourceDate "2009.07.04"]

1. e4 g6 2. d4 Bg7 3. h4 d5 4. e5 c5 5. h5 cxd4 6. hxg6 hxg6 7. Rxh8 Bxh8 8. f4
Nc6 9. Nf3 Bg4 10. Be2 Bxf3 11. Bxf3 e6 12. c3 Qh4+ 13. Ke2 Nge7 14. Qe1 Qxe1+
15. Kxe1 dxc3 16. bxc3 f6 17. exf6 Bxf6 18. Bd2 d4 19. Be4 Rc8 20. c4 d3 21.
Bc3 Bxc3+ 22. Nxc3 Nb4 23. Kd2 Rxc4 24. Rb1 Nxa2 25. Nb5 Rb4 26. Rxb4 Nxb4 27.
Nxa7 b6 28. Nb5 Kd7 29. Nd4 Nbd5 30. g3 Nf5 31. Bxf5 gxf5 32. Kxd3 Nf6 33. Ne2
Ne4 34. Kd4 Nf6 35. Ke5 Ng4+ 36. Kd4 Kd6 37. Kc4 e5 38. fxe5+ Nxe5+ 39. Kb5 Nd7
40. Nf4 Nf6 41. Kxb6 Nd5+ 42. Nxd5 Kxd5 43. Kc7 Kc5 1/2-1/2

[Event "32. Open Barbera del Valles 2009"]
[Site "Barbera del Valles ESP"]
[Date "2009.07.08"]
[Round "5.1"]
[White "Perez Mitjans, Orelvis"]
[Black "Lopez Martinez, Josep Manuel"]
[Result "1/2-1/2"]
[WhiteElo "2404"]
[BlackElo "2555"]
[PlyCount "58"]
[EventDate "2009.07.04"]
[EventType "swiss"]
[EventRounds "9"]
[EventCountry "ESP"]
[Source "lmi"]
[SourceDate "2009.07.04"]

1. e4 c6 2. Nf3 d5 3. Nc3 Bg4 4. h3 Bxf3 5. Qxf3 e6 6. g3 g6 7. Bg2 Bg7 8. O-O
Ne7 9. d3 Nd7 10. Qe2 O-O 11. f4 f5 12. e5 Qb6+ 13. Kh1 Rfc8 14. Nb1 Qa6 15.
Nd2 b5 16. Nf3 c5 17. g4 Rab8 18. Qf2 Nf8 19. Bd2 b4 20. b3 Rc7 21. Rg1 Qc8 22.
Be3 Rb6 23. a4 Rb8 24. Bf1 d4 25. Bd2 Qe8 26. Be2 Rd8 27. Rg3 Nd5 28. Rag1 Bh6
29. g5 Bg7 1/2-1/2

[Event "32. Open Barbera del Valles 2009"]
[Site "Barbera del Valles ESP"]
[Date "2009.07.08"]
[Round "5.2"]
[White "Gonzalez Garcia, Jose"]
[Black "Cuartas, Jaime Alexander"]
[Result "0-1"]
[WhiteElo "2509"]
[BlackElo "2521"]
[PlyCount "82"]
[EventDate "2009.07.04"]
[EventType "swiss"]
[EventRounds "9"]
[EventCountry "ESP"]
[Source "lmi"]
[SourceDate "2009.07.04"]

1. d4 d5 2. c4 c6 3. Nf3 Nf6 4. Nc3 e6 5. Bg5 Nbd7 6. e3 Qa5 7. cxd5 Nxd5 8.
Qd2 N7b6 9. Bd3 Nxc3 10. bxc3 Nd5 11. O-O Qxc3 12. Qe2 Be7 13. Bxe7 Nxe7 14.
Ne5 Ng6 15. Bxg6 hxg6 16. Rab1 Qa5 17. Rfc1 Qc7 18. Qg4 Qe7 19. g3 Qf6 20. h4
Qf5 21. Qe2 g5 22. g4 Qh7 23. Qf3 f6 24. Nxc6 Qxh4 25. Qg2 bxc6 26. Qxc6+ Kf7
27. Rb7+ Kg6 28. Qe4+ f5 29. Rxg7+ Kxg7 30. Qe5+ Kg6 31. gxf5+ Kh5 32. Qxh8+
Kg4 33. Qxh4+ Kxh4 34. f6 Bb7 35. Rc7 Bf3 36. Kf1 a5 37. f7 Rf8 38. Ra7 Kh5 39.
Rxa5 Rxf7 40. Ra6 Rb7 41. Ke1 Rb2 0-1

[Event "32. Open Barbera del Valles 2009"]
[Site "Barbera del Valles ESP"]
[Date "2009.07.08"]
[Round "5.5"]
[White "Bregadze, Levan"]
[Black "Javakhadze, Zurab"]
[Result "1-0"]
[WhiteElo "2426"]
[BlackElo "2309"]
[PlyCount "95"]
[EventDate "2009.07.04"]
[EventType "swiss"]
[EventRounds "9"]
[EventCountry "ESP"]
[Source "lmi"]
[SourceDate "2009.07.04"]

1. d4 d5 2. Nf3 e6 3. c4 Nf6 4. Nc3 Bb4 5. cxd5 exd5 6. Bg5 h6 7. Bh4 c6 8. e3
O-O 9. Bd3 Nbd7 10. Qc2 Re8 11. O-O a5 12. Rfe1 Be7 13. Bg3 Nf8 14. h3 Bd6 15.
Ne5 Qe7 16. f4 c5 17. Bh4 cxd4 18. Nxd5 Qd8 19. Nxf6+ gxf6 20. exd4 Bb4 21. Re4
Bf5 22. Re3 Be6 23. Qf2 Be7 24. Nf3 Qd5 25. Rae1 f5 26. Bxe7 Rxe7 27. Re5 Qd6
28. Bxf5 Rae8 29. Qg3+ Kh8 30. Bxe6 Nxe6 31. d5 Ng7 32. Qh4 Rxe5 33. fxe5 Qg6
34. d6 Ne6 35. Qf6+ Kh7 36. Qxg6+ Kxg6 37. Rc1 f6 38. Rf1 Nc5 39. exf6 Kxf6 40.
Nd4+ Kg6 41. Rc1 Re5 42. Kh2 Nd3 43. Rc3 Nf4 44. Rg3+ Kh7 45. Rf3 Re4 46. Rxf4
Rxf4 47. Ne6 Rf7 48. d7 1-0

[Event "32. Open Barbera del Valles 2009"]
[Site "Barbera del Valles ESP"]
[Date "2009.07.08"]
[Round "5.8"]
[White "Peralta, Fernando"]
[Black "Fenollar Jorda, Manuel"]
[Result "1-0"]
[WhiteElo "2574"]
[BlackElo "2341"]
[PlyCount "61"]
[EventDate "2009.07.04"]
[EventType "swiss"]
[EventRounds "9"]
[EventCountry "ESP"]
[Source "lmi"]
[SourceDate "2009.07.04"]

1. d4 d5 2. c4 c6 3. Nf3 Nf6 4. e3 e6 5. b3 Nbd7 6. Bb2 Bd6 7. Bd3 Qe7 8. Ne5
Bb4+ 9. Nd2 Nxe5 10. dxe5 Ne4 11. Bxe4 dxe4 12. O-O Bxd2 13. Qxd2 c5 14. Qc2
Bd7 15. Rad1 Bc6 16. Ba3 Rd8 17. Rxd8+ Kxd8 18. Rd1+ Kc7 19. Rd6 b6 20. b4 Qg5
21. Qc3 cxb4 22. Bxb4 Rd8 23. Qd4 Rxd6 24. Qxd6+ Kb7 25. h3 f6 26. Qe7+ Kc8 27.
Bd6 Bd7 28. Qf8+ Kb7 29. Qd8 Ba4 30. Qc7+ Ka6 31. Bb4 1-0